| 000 | 00819nam a22002295a 4500 | ||
|---|---|---|---|
| 005 | 20170420151317.0 | ||
| 008 | 170420t2016 ii a fr 001 0 eng d | ||
| 020 | _a9789352500147 | ||
| 040 |
_aEG-ScBUE _beng _cEG-ScBUE _dEG-ScBUE |
||
| 082 | 0 | 4 |
_222 _a615.854 _bAVA |
| 100 | 1 | _aAvasthi, Rishi. | |
| 245 | 1 | 0 |
_aComprehensive textbook of nutrition for BSc nurses / _cRishi Avasthi ; forword Mahipal Singh Fenin. |
| 260 |
_aNew Delhi : _bThe Health Sciences Publisher, _cc.2016. |
||
| 300 |
_a252 p. : _bill. ; _c24 cm. |
||
| 500 | _aIndex : p. 245-252. | ||
| 650 | 7 |
_2BUEsh _919370 _aNutrition _xStudy and teaching. |
|
| 650 | 7 |
_2BUEsh _936329 _aNursing _xStudy and teaching (Continuing education) |
|
| 651 | _2BUEsh | ||
| 653 |
_bNNUR _cApril2017 |
||
| 700 | 1 |
_aFenin, Singh, _eauthor of introduction, etc. |
|
| 942 | _2ddc | ||
| 999 |
_c24686 _d24658 |
||